000 00453nam a2200133Ia 4500
008 170221s9999 xx 000 0 und d
100 _aSieffert, Megan
245 _aConception to Distribution: Vertical Integration in the Television Production and ISP Industry
245 _cMegan Sieffert
260 _c2012
300 _a32 : 10
650 _xBusiness
856 _uhttp://digitalcommons.pepperdine.edu/cgi/viewcontent.cgi?article=1090&context=jbel
999 _c311295
_d311295